Normal view
MARC view
Entry Topical Term
001 - CONTROL NUMBER
- control field: 27927
003 - CONTROL NUMBER IDENTIFIER
- control field: OSt
005 - DATE AND TIME OF LATEST TRANSACTION
- control field: 20230713144043.0
008 - FIXED-LENGTH DATA ELEMENTS
- fixed length control field: 230713|| aca||aabn | a|a d
040 ## - CATALOGING SOURCE
- Original cataloging agency: OSt
- Transcribing agency: OSt
150 ## - HEADING--TOPICAL TERM
- Topical term or geographic name entry element: မြန်မာနိုင်ငံ
- General subdivision: နိုင်ငံခြားဆက်ဆံရေး။
670 ## - SOURCE DATA FOUND
- Source citation: Work cat.: (OSt): ဖြိုးသာရ။, မြန်မာနိုင်ငံနှင့် နိုင်ငံတကာအဖွဲ့အစည်းများ /, ၂၀၀၆။